[Event "12. Lichtenberger Sommer"]
[Site "Berlin"]
[Date "2013.08.18"]
[Round "2.61"]
[White "Nötzel, Felix"]
[Black "Lübke, Thomas"]
[Result "1-0"]
[WhiteElo "2076"]
[BlackElo "1964"]
[PlyCount "33"]
[EventDate "2013.??.??"]
[WhiteTeam "Sfrd. Berlin 1903 e.V."]
[BlackTeam "FVS ASP Hoyerswerda"]

1. e4 Nc6 2. d4 e5 3. Nf3 exd4 4. c3 Nf6 5. e5 Nd5 6. Bc4 Nb6 7. Bb3 d5 8. cxd4
Be7 9. O-O Bf5 10. Nc3 O-O 11. a3 Qd7 12. Be3 Nd8 13. h3 Ne6 14. Nh2 c6 15. g4
Bg6 16. f4 f5 17. exf6 1-0

[Event "12. Lichtenberger Sommer"]
[Site "Berlin"]
[Date "2013.08.18"]
[Round "2.65"]
[White "Schrodt, Horst"]
[Black "Thorarinsson, Pall A"]
[Result "0-1"]
[WhiteElo "1753"]
[BlackElo "2222"]
[PlyCount "54"]
[EventDate "2013.??.??"]
[WhiteTeam "SC Eintracht Berlin e.V."]
[BlackTeam "Athenaeum Chess Club London"]

1. d4 c5 2. Nf3 cxd4 3. Nxd4 d5 4. e3 Nf6 5. Bb5+ Nbd7 6. Nc3 a6 7. Bxd7+ Bxd7
8. h3 g6 9. O-O Bg7 10. Re1 O-O 11. Nf3 e6 12. e4 Nxe4 13. Nxe4 dxe4 14. Rxe4
Bc6 15. Qxd8 Rfxd8 16. Re1 Rac8 17. Nh2 Ba4 18. c3 e5 19. Bg5 f6 20. Be3 h5 21.
Nf1 Kf7 22. Rac1 Bf8 23. c4 Bb4 24. Re2 Bd1 25. Bd2 Bxe2 26. Bxb4 Rxc4 27. Rxc4
Bxc4 0-1

[Event "12. Lichtenberger Sommer"]
[Site "Berlin"]
[Date "2013.08.18"]
[Round "2.66"]
[White "Friedrich, Wiede"]
[Black "Jansen, Robert"]
[Result "1-0"]
[WhiteElo "2253"]
[BlackElo "1771"]
[PlyCount "41"]
[EventDate "2013.??.??"]
[WhiteTeam "USV Potsdam e.V., Abt. Schach"]
[BlackTeam "SC Kreuzberg e.V."]

1. e4 e5 2. Nf3 Nc6 3. Bc4 Nf6 4. Ng5 d5 5. exd5 Na5 6. Bb5+ c6 7. dxc6 bxc6 8.
Bd3 Nd5 9. Nf3 Bd6 10. O-O O-O 11. Re1 Re8 12. Nc3 f5 13. Nxd5 cxd5 14. Bb5 Re6
15. d4 e4 16. Ne5 Bb7 17. Bd7 Bc8 18. Bxe6+ Bxe6 19. b3 Qf6 20. Bf4 Rd8 21. Qd2
1-0

[Event "12. Lichtenberger Sommer"]
[Site "Berlin"]
[Date "2013.08.18"]
[Round "2.67"]
[White "Schönemann, Manfred"]
[Black "Schildt, Rene"]
[Result "0-1"]
[WhiteElo "1783"]
[BlackElo "2053"]
[PlyCount "68"]
[EventDate "2013.??.??"]
[WhiteTeam "SV Turbine Berlin e.V."]
[BlackTeam "SC Zugzwang 95 e.V."]

1. d4 d5 2. c4 e5 3. dxe5 d4 4. g3 Nc6 5. Nf3 Be6 6. b3 Qd7 7. Ng5 Nxe5 8. Nxe6
Qxe6 9. Bg2 O-O-O 10. O-O h5 11. Nd2 h4 12. Nf3 hxg3 13. fxg3 Bc5 14. Bf4 d3+
15. Kh1 Ng4 16. exd3 N8f6 17. Qe1 Qb6 18. h3 Nf2+ 19. Rxf2 Bxf2 20. Qe7 Rd7 21.
Qe2 Re8 22. Qc2 Nh5 23. Kh2 Nxf4 24. gxf4 Be3 25. Kh1 Bxf4 26. c5 Qg6 27. Re1
Rxe1+ 28. Nxe1 Qg3 29. Nf3 Re7 30. Qd1 Re3 31. Kg1 g5 32. Qf1 f5 33. d4 Rc3 34.
Qb1 Rc1+ 0-1

[Event "12. Lichtenberger Sommer"]
[Site "Berlin"]
[Date "2013.08.18"]
[Round "2.68"]
[White "Strobel, Norbert"]
[Black "Casny, Guenter"]
[Result "1-0"]
[WhiteElo "2048"]
[BlackElo "1835"]
[PlyCount "59"]
[EventDate "2013.??.??"]
[WhiteTeam "SV Koblenz 03/25"]
[BlackTeam "SC Rochade e.V."]

1. d4 d6 2. e4 g6 3. f4 Bg7 4. Be3 a6 5. Nf3 Nd7 6. c3 b5 7. Bd3 Bb7 8. O-O
Ngf6 9. Nbd2 Ng4 10. Qe2 c5 11. e5 Nxe3 12. Qxe3 cxd4 13. cxd4 dxe5 14. fxe5 e6
15. Be4 Qb6 16. Bxb7 Qxb7 17. Ne4 O-O 18. Nd6 Qb6 19. Rae1 Ra7 20. Kh1 Nb8 21.
Ng5 Nc6 22. Qh3 h6 23. Nxe6 Rb8 24. Nxg7 Kxg7 25. Nc8 Qxd4 26. Nxa7 Qxa7 27. e6
f6 28. Qf3 Nd8 29. Qxf6+ Kh7 30. e7 1-0

[Event "12. Lichtenberger Sommer"]
[Site "Berlin"]
[Date "2013.08.18"]
[Round "2.69"]
[White "Weiß, Daniel"]
[Black "Sabrowski, Uwe"]
[Result "0-1"]
[WhiteElo "1758"]
[BlackElo "2114"]
[PlyCount "118"]
[EventDate "2013.??.??"]
[WhiteTeam "Sfr.Nord-Ost Berlin"]
[BlackTeam "SC Friesen Lichtenberg e.V."]

1. e4 c5 2. Nc3 Nc6 3. g3 g6 4. Bg2 Bg7 5. Nge2 e6 6. O-O Nge7 7. f4 d6 8. d3
Rb8 9. Be3 b5 10. Qd2 b4 11. Nd1 a5 12. d4 cxd4 13. Nxd4 Nxd4 14. Bxd4 Bxd4+
15. Qxd4 O-O 16. Ne3 Nc6 17. Qd2 Ba6 18. Rfe1 Qb6 19. Rad1 Rbd8 20. Kh1 Qc5 21.
f5 Bc8 22. f6 Qg5 23. Qf2 Ne5 24. h4 Qh5 25. Qf4 Ba6 26. b3 Rd7 27. Rd4 g5 28.
Qxg5+ Qxg5 29. hxg5 h6 30. Red1 Rfd8 31. Nc4 Ng4 32. Kg1 Bxc4 33. bxc4 Ne3 34.
gxh6 Nxd1 35. Rxd1 Kh7 36. Kf2 Kxh6 37. Ke3 Kg5 38. Rh1 Kxf6 39. Rh5 Rc7 40.
Kd4 Rdc8 41. Bf1 Rc5 42. Rh4 Rg8 43. g4 Kg7 44. Rh2 Rh8 45. Rf2 Rh4 46. Be2 Rh3
47. Bf3 Rg3 48. Rf1 Kg6 49. Rf2 Kg5 50. Rf1 f6 51. Rf2 Rg1 52. Be2 Ra1 53. Rh2
Kg6 54. Bd3 e5+ 55. Ke3 Rxa2 56. Rh8 Ra3 57. Kd2 b3 58. cxb3 Rxb3 59. Kc2 Rb6
0-1

[Event "12. Lichtenberger Sommer"]
[Site "Berlin"]
[Date "2013.08.18"]
[Round "2.70"]
[White "Becker, Jared"]
[Black "Weishäutel, Moritz"]
[Result "1-0"]
[WhiteElo "2038"]
[BlackElo "1680"]
[PlyCount "99"]
[EventDate "2013.??.??"]
[WhiteTeam "SC Tarrasch 45 München"]
[BlackTeam "SV Empor Erfurt"]

1. e4 e5 2. Nf3 Nc6 3. Bb5 a6 4. Ba4 Nf6 5. O-O b5 6. Bb3 Be7 7. Re1 d6 8. c3
O-O 9. h3 Na5 10. Bc2 Be6 11. d4 exd4 12. cxd4 Qd7 13. d5 Bxh3 14. gxh3 Qxh3
15. Nh2 Nh5 16. Qg4 Qxg4+ 17. Nxg4 Nf6 18. Nxf6+ Bxf6 19. Nd2 c5 20. Rb1 Rac8
21. Nf3 Nc4 22. b3 Ne5 23. Nxe5 Bxe5 24. Bb2 Bxb2 25. Rxb2 Rfe8 26. Re3 c4 27.
Rc3 cxb3 28. Rbxb3 b4 29. Rxc8 Rxc8 30. Rxb4 g6 31. Bb3 Kg7 32. Rb6 Kf6 33.
Rxd6+ Ke5 34. Rxa6 g5 35. Ra7 h5 36. Rxf7 h4 37. Rf5+ Kxe4 38. Rxg5 Kf3 39.
Rf5+ Kg4 40. Rf7 Kh3 41. Kf1 Rc1+ 42. Ke2 Kg2 43. d6 Rc8 44. d7 Rd8 45. Be6 h3
46. Rg7+ Kh2 47. Rg8 Rxd7 48. Bxd7 Kh1 49. Bxh3 Kh2 50. a4 1-0

[Event "12. Lichtenberger Sommer"]
[Site "Berlin"]
[Date "2013.08.18"]
[Round "2.71"]
[White "Costello, Colin"]
[Black "Dittrich, Hans-Georg"]
[Result "1-0"]
[WhiteElo "1931"]
[BlackElo "1751"]
[PlyCount "85"]
[EventDate "2013.??.??"]
[WhiteTeam "SC Weisse Dame e.V."]
[BlackTeam "SG Blau-Weiß Stadtilm"]

1. c4 b6 2. Nf3 Bb7 3. e3 e6 4. d4 Nf6 5. Bd3 d5 6. Nc3 Be7 7. O-O O-O 8. Qe2
Nbd7 9. e4 dxe4 10. Nxe4 Nxe4 11. Bxe4 Bxe4 12. Qxe4 c5 13. Rd1 cxd4 14. Nxd4
Nc5 15. Qf3 Qc7 16. Bf4 e5 17. Nb5 Qb8 18. Qe2 exf4 19. Qxe7 Re8 20. Qc7 a6 21.
Qxb8 Raxb8 22. Nc7 Re2 23. b4 Ne4 24. Nxa6 Rc8 25. c5 bxc5 26. Nxc5 Nxc5 27.
bxc5 g5 28. Rdc1 Rc6 29. a4 Re5 30. a5 Rexc5 31. Rxc5 Rxc5 32. a6 Rc8 33. Kf1
Kg7 34. a7 Ra8 35. Ke2 h5 36. Kf3 h4 37. Kg4 Kg6 38. Ra6+ f6 39. h3 f3 40. Kxf3
Kh5 41. Ke4 Kg6 42. Kd5 Kf5 43. Kc6 1-0

[Event "12. Lichtenberger Sommer"]
[Site "Berlin"]
[Date "2013.08.18"]
[Round "2.72"]
[White "Kujawa, Werner"]
[Black "Räcke, Norbert"]
[Result "0-1"]
[WhiteElo "1814"]
[BlackElo "1846"]
[PlyCount "60"]
[EventDate "2013.??.??"]
[WhiteTeam "SV Motor Wildau e.V."]
[BlackTeam "Queer-Springer SSV Berlin"]

1. d4 Nf6 2. c4 g6 3. Nc3 Bg7 4. e4 d6 5. Nf3 O-O 6. Be2 e5 7. O-O Na6 8. Re1
exd4 9. Nxd4 Qe8 10. f3 Nh5 11. Bf1 Qe5 12. Nc2 Nc5 13. Ne3 c6 14. Kh1 Nf4 15.
Qc2 Nfe6 16. Ne2 a5 17. Rb1 f5 18. exf5 gxf5 19. b3 Bd7 20. f4 Nxf4 21. Nxf4
Qxf4 22. Nd5 Qh4 23. Ne7+ Kh8 24. Bb2 Ne4 25. Bxg7+ Kxg7 26. Qb2+ Qf6 27. Bd3
Qxb2 28. Rxb2 Rae8 29. Bxe4 Rxe7 30. Rbe2 fxe4 0-1

[Event "12. Lichtenberger Sommer"]
[Site "Berlin"]
[Date "2013.08.18"]
[Round "2.73"]
[White "Möller, Dustin"]
[Black "Zesewitz, Maik"]
[Result "1/2-1/2"]
[WhiteElo "1793"]
[BlackElo "1579"]
[PlyCount "46"]
[EventDate "2013.??.??"]
[WhiteTeam "Eckernförder SC von 1921"]
[BlackTeam "SF Friedrichshagen"]

1. g3 e6 2. Bg2 d5 3. f4 Nf6 4. Nf3 c5 5. d3 Nc6 6. O-O Be7 7. c3 d4 8. e4 Qd7
9. Na3 O-O 10. Nc4 Rd8 11. Nfe5 Nxe5 12. fxe5 Ne8 13. Qf3 f6 14. exf6 gxf6 15.
Ne5 Qc7 16. Bh6 Ng7 17. Bxg7 Kxg7 18. Qg4+ Kf8 19. Qh5 Kg8 20. Nf7 Rf8 21. Nh6+
Kg7 22. Rf4 e5 23. Nf5+ Bxf5 1/2-1/2

[Event "12. Lichtenberger Sommer"]
[Site "Berlin"]
[Date "2013.08.18"]
[Round "2.74"]
[White "Koerber, Bernhard"]
[Black "Graf, Anton"]
[Result "0-1"]
[WhiteElo "1611"]
[BlackElo "1830"]
[PlyCount "34"]
[EventDate "2013.??.??"]
[WhiteTeam "SG Lasker Steglitz-Wilmersdorf"]
[BlackTeam "OSG Baden-Baden"]

1. e4 e5 2. Nf3 Nc6 3. Bb5 f5 4. exf5 e4 5. Qe2 d5 6. Nd4 Qd6 7. Qh5+ Kd8 8.
Nxc6+ bxc6 9. Ba4 Nf6 10. Qe2 Bxf5 11. Qa6 Kd7 12. Qb7 Be7 13. Qb3 Rhf8 14. d3
Rab8 15. Qc3 exd3 16. cxd3 Qe6+ 17. Be3 Bb4 0-1

[Event "12. Lichtenberger Sommer"]
[Site "Berlin"]
[Date "2013.08.18"]
[Round "2.75"]
[White "Korb, Viktor"]
[Black "Revinelli, Sergio"]
[Result "0-1"]
[WhiteElo "1691"]
[BlackElo "1829"]
[PlyCount "118"]
[EventDate "2013.??.??"]
[WhiteTeam "SF Siemensstadt"]
[BlackTeam "C.S. Veduggio"]

1. e4 e5 2. Nf3 Nc6 3. Bb5 f5 4. exf5 e4 5. Bxc6 dxc6 6. Ne5 Nf6 7. O-O Bxf5 8.
d3 Qd4 9. Nc4 O-O-O 10. Be3 Qd7 11. Ne5 Qe6 12. d4 Bd6 13. f4 exf3 14. Qxf3 Be4
15. Qe2 Bxe5 16. dxe5 Qxe5 17. Nc3 Bg6 18. Rac1 Rhe8 19. Rfe1 Nd5 20. Nxd5 Rxd5
21. b3 Qc3 22. Qg4+ Bf5 23. Qf4 Rde5 24. Kf2 Qa5 25. Bd2 Qc5+ 26. Kf1 Rxe1+ 27.
Rxe1 Bg6 28. Bb4 Qd5 29. Qg4+ Kb8 30. Rd1 Qb5+ 31. Kg1 a5 32. Bc3 Bxc2 33. Rc1
Bg6 34. Bxg7 Qe2 35. Qxe2 Rxe2 36. a3 Re3 37. Rc3 Rxc3 38. Bxc3 c5 39. Bxa5 Bc2
40. b4 b6 41. bxc5 bxa5 42. Kf2 Kb7 43. Ke3 Kc6 44. Kd4 Bb1 45. g4 Bc2 46. h4
Bd1 47. g5 Bh5 48. Kc4 Bf7+ 49. Kd4 Kb5 50. Ke5 Kxc5 51. Kf6 Bh5 52. Ke5 c6 53.
Ke4 Kc4 54. Ke3 Kc3 55. Ke4 c5 56. Kd5 c4 57. Kc5 Kb3 58. a4 c3 59. Kb5 c2 0-1

[Event "12. Lichtenberger Sommer"]
[Site "Berlin"]
[Date "2013.08.18"]
[Round "2.76"]
[White "Willich, Manfred"]
[Black "Scholta, Danilo"]
[Result "1-0"]
[WhiteElo "1981"]
[BlackElo "1584"]
[PlyCount "71"]
[EventDate "2013.??.??"]
[WhiteTeam "SK Turm Bad Hersfeld"]
[BlackTeam "SV Empor Berlin e.V."]

1. d4 Nf6 2. c4 e5 3. dxe5 Ng4 4. Bf4 Nc6 5. Nf3 Bb4+ 6. Nbd2 Qe7 7. Rc1 Ncxe5
8. Nxe5 Nxe5 9. e3 d6 10. Be2 b6 11. Qa4+ Bd7 12. Qxb4 g5 13. Bxe5 Qxe5 14. Qc3
O-O-O 15. Qxe5 dxe5 16. O-O h5 17. c5 Kb8 18. cxb6 cxb6 19. Nc4 Bb5 20. Rfe1
Bxc4 21. Bxc4 Rd2 22. Re2 Rhd8 23. Rxd2 Rxd2 24. Bxf7 Rxb2 25. e4 h4 26. h3 a5
27. Rc6 Kb7 28. Bd5 Ka6 29. Rg6 Kb5 30. Rxg5 Kc5 31. Rxe5 Kd4 32. Rh5 b5 33.
Rxh4 b4 34. Rh8 a4 35. Ra8 b3 36. Rxa4+ 1-0

[Event "12. Lichtenberger Sommer"]
[Site "Berlin"]
[Date "2013.08.18"]
[Round "2.77"]
[White "Deutschbein, Christopher"]
[Black "Dietzel, Uwe"]
[Result "1/2-1/2"]
[WhiteElo "2003"]
[BlackElo "1708"]
[PlyCount "83"]
[EventDate "2013.??.??"]
[WhiteTeam "Bille SC von 1924 e.V."]
[BlackTeam "TSV Lichtentanne SAbt"]

1. e4 e6 2. d3 c5 3. Nf3 Nc6 4. g3 g6 5. Bg2 Bg7 6. O-O Nge7 7. Re1 d6 8. Nbd2
a6 9. h4 h6 10. Nf1 O-O 11. N1h2 Kh7 12. Ng4 e5 13. Nfh2 Be6 14. c3 Qd7 15.
Bxh6 Ng8 16. Bxg7 Kxg7 17. Ne3 b5 18. Nf3 f6 19. a4 Nce7 20. d4 Rfb8 21. d5 Bf7
22. axb5 axb5 23. Qc2 Nh6 24. Qe2 Be8 25. Kh2 Qc8 26. Bh3 Bd7 27. Bxd7 Qxd7 28.
Nc2 Nc8 29. b3 Nb6 30. Kg2 Rxa1 31. Rxa1 Ra8 32. Rxa8 Nxa8 33. Na3 Nc7 34. Nb1
Na8 35. Qa2 Qb7 36. Qa5 Nf7 37. Nfd2 Nc7 38. Na3 f5 39. f3 fxe4 40. fxe4 Nxd5
41. Nxb5 Nf6 42. Kg1 1/2-1/2

[Event "12. Lichtenberger Sommer"]
[Site "Berlin"]
[Date "2013.08.18"]
[Round "2.78"]
[White "Bauder, Herbert"]
[Black "Kasper, Peter"]
[Result "1/2-1/2"]
[WhiteElo "1932"]
[BlackElo "1787"]
[PlyCount "70"]
[EventDate "2013.??.??"]
[WhiteTeam "SG Lasker Steglitz-Wilmersdorf"]
[BlackTeam "SG Eckturm"]

1. d4 d5 2. Nf3 e6 3. c4 Nf6 4. Nc3 Be7 5. Bg5 Nbd7 6. e3 O-O 7. Qc2 dxc4 8.
Bxc4 c5 9. dxc5 Nxc5 10. O-O a6 11. Rfd1 Qb6 12. a3 Ncd7 13. Rac1 h6 14. Bh4
Qc5 15. Ne4 Nxe4 16. Qxe4 Bxh4 17. Qxh4 Qb6 18. Qd4 Qa5 19. Ba2 b5 20. Qd6 Nf6
21. Qc7 Qxc7 22. Rxc7 Rb8 23. Ne5 Bb7 24. Nc6 Bxc6 25. Rxc6 Rfc8 26. Rxc8+ Rxc8
27. Bb1 a5 28. f3 Nd5 29. Kf2 b4 30. e4 Nb6 31. axb4 axb4 32. Bd3 b3 33. Ke2
Na4 34. Rb1 Rc5 35. Kd2 Rc7 1/2-1/2

[Event "12. Lichtenberger Sommer"]
[Site "Berlin"]
[Date "2013.08.18"]
[Round "2.79"]
[White "Becker, Uwe"]
[Black "Junge, Wolfgang"]
[Result "0-1"]
[WhiteElo "1808"]
[BlackElo "1819"]
[PlyCount "76"]
[EventDate "2013.??.??"]
[WhiteTeam "SV Glück auf Rüdersdorf e.V."]
[BlackTeam "SC Friesen Lichtenberg e.V."]

1. f4 e5 2. fxe5 d6 3. Nf3 dxe5 4. e4 Bg4 5. Be2 Bd6 6. d3 Nc6 7. Be3 Qd7 8.
O-O f6 9. Nbd2 O-O-O 10. a3 Be6 11. c3 a6 12. Qa4 Kb8 13. Qc2 Qe8 14. b4 Kc8
15. a4 Nb8 16. d4 exd4 17. Bxd4 Kd7 18. Rfd1 Ke7 19. e5 fxe5 20. Bxe5 Bxe5 21.
Nxe5 Nf6 22. Nb3 Rxd1+ 23. Bxd1 Nbd7 24. Nxd7 Kxd7 25. Nc5+ Kc8 26. Bf3 b6 27.
Nxa6 Bc4 28. b5 Qe3+ 29. Kh1 Re8 30. h3 Ne4 31. Bxe4 Rxe4 32. Nb4 Qf4 33. Rd1
Re2 34. Nc6 Qg5 35. Rd8+ Qxd8 36. Qf5+ Be6 37. Qf3 Re1+ 38. Kh2 Qd6+ 0-1

[Event "12. Lichtenberger Sommer"]
[Site "Berlin"]
[Date "2013.08.18"]
[Round "2.80"]
[White "Strehlow, Horst"]
[Black "Bollenbach, Horst"]
[Result "0-1"]
[WhiteElo "2026"]
[BlackElo "1566"]
[PlyCount "56"]
[EventDate "2013.??.??"]
[WhiteTeam "SC Friesen Lichtenberg e.V."]
[BlackTeam "SC Friesen Lichtenberg e.V."]

1. e4 c5 2. Nf3 Nc6 3. Nc3 a6 4. d4 cxd4 5. Nxd4 g6 6. Be3 Bg7 7. Bc4 d6 8. f3
e6 9. Qd2 Nge7 10. Nde2 b5 11. Bb3 Na5 12. O-O-O Nxb3+ 13. axb3 b4 14. Na4 Qa5
15. Kb1 d5 16. exd5 Nxd5 17. Nb6 Rb8 18. Nxd5 exd5 19. Qxd5 Rb5 20. Qc6+ Ke7
21. Nf4 Bxb2 22. Kxb2 Qa3+ 23. Kb1 Bf5 24. Bc5+ Rxc5 25. Qxc5+ Kf6 26. Qd4+ Kg5
27. h4+ Kh6 28. Qxh8 Qxb3+ 0-1

[Event "12. Lichtenberger Sommer"]
[Site "Berlin"]
[Date "2013.08.18"]
[Round "2.81"]
[White "Ritter, Uwe"]
[Black "Schweitzer, Paul"]
[Result "1-0"]
[WhiteElo "1991"]
[BlackElo "1724"]
[PlyCount "89"]
[EventDate "2013.??.??"]
[WhiteTeam "Reideburger SV 90 Halle"]
[BlackTeam "SV Königsjäger Süd-West e.V."]

1. f4 d5 2. Nf3 e6 3. e3 Be7 4. d4 a6 5. Bd3 Bh4+ 6. g3 Be7 7. c3 Nf6 8. Ne5 c6
9. Nd2 Nbd7 10. O-O c5 11. Qf3 c4 12. Bc2 Nf8 13. e4 Ng6 14. Nxf7 Kxf7 15. e5
Ne4 16. Nxe4 dxe4 17. Bxe4 Rf8 18. d5 Bc5+ 19. Kh1 Kg8 20. d6 Rb8 21. Qh5 b5
22. Rf3 Bb7 23. Bxb7 Rxb7 24. Bd2 Rd7 25. Raf1 Rf5 26. Qh3 Qa8 27. Qg2 Qe4 28.
Re1 Qb7 29. Rff1 Qb8 30. Qc6 Qb7 31. Qxb7 Rxb7 32. g4 Rf8 33. f5 Rbf7 34. Kg2
exf5 35. e6 Rb7 36. e7 Nxe7 37. dxe7 Rxe7 38. Rxe7 Bxe7 39. Rxf5 g6 40. Re5 Kf7
41. Kf3 Rd8 42. Rxe7+ Kxe7 43. Bg5+ Ke8 44. Bxd8 Kxd8 45. Ke4 1-0

[Event "12. Lichtenberger Sommer"]
[Site "Berlin"]
[Date "2013.08.18"]
[Round "2.83"]
[White "Schrade, Ulrich"]
[Black "Getzuhn, Detlef"]
[Result "0-1"]
[WhiteElo "1528"]
[BlackElo "1903"]
[PlyCount "30"]
[EventDate "2013.??.??"]
[WhiteTeam "SV Trossingen"]
[BlackTeam "SV Senat"]

1. e4 d5 2. e5 c5 3. Nf3 Bg4 4. c3 Nc6 5. Bb5 Qb6 6. Bxc6+ bxc6 7. d3 g6 8. Qb3
Qxb3 9. axb3 Bxf3 10. gxf3 e6 11. Be3 a5 12. Nd2 Nh6 13. b4 cxb4 14. cxb4 a4
15. Ke2 Nf5 0-1

[Event "12. Lichtenberger Sommer"]
[Site "Berlin"]
[Date "2013.08.18"]
[Round "2.84"]
[White "Georgi, David"]
[Black "Krawatzki, Armin"]
[Result "1-0"]
[WhiteElo "1696"]
[BlackElo "1718"]
[PlyCount "44"]
[EventDate "2013.??.??"]
[WhiteTeam "BSG Pneumant Fürstenwalde e.V."]
[BlackTeam "SVG Läufer Reinickendorf e.V."]

1. Nc3 d5 2. e4 d4 3. Nce2 e5 4. Ng3 Nf6 5. Bc4 Nc6 6. Nf3 Bd6 7. d3 Na5 8.
Bb5+ c6 9. Ba4 b5 10. Bb3 O-O 11. O-O Bg4 12. Bg5 h6 13. Bd2 Nxb3 14. cxb3 c5
15. h3 Be6 16. Re1 Qd7 17. Nh4 Bxh3 18. gxh3 Qxh3 19. Nhf5 Ng4 20. Qf3 Qh2+ 21.
Kf1 Ne3+ 22. Bxe3 dxe3 1-0

[Event "12. Lichtenberger Sommer"]
[Site "Berlin"]
[Date "2013.08.18"]
[Round "2.85"]
[White "Theilig, Reinhard"]
[Black "Salz, Matthias"]
[Result "1/2-1/2"]
[WhiteElo "1713"]
[BlackElo "1698"]
[PlyCount "94"]
[EventDate "2013.??.??"]
[WhiteTeam "VfB Hermsdorf e.V."]
[BlackTeam "SV Empor Berlin e.V."]

1. Nf3 Nf6 2. c4 g6 3. Nc3 Bg7 4. g3 O-O 5. Bg2 d6 6. d4 Nbd7 7. O-O e5 8. Qc2
Re8 9. Bg5 h6 10. Bxf6 Bxf6 11. Rad1 Bg7 12. e3 f5 13. dxe5 Nxe5 14. c5 Nf7 15.
Nh4 Kh7 16. cxd6 Nxd6 17. Nb5 Be6 18. Bxb7 Rb8 19. Bc6 Re7 20. b3 Rb6 21. Nxa7
Qb8 22. Nf3 Qxa7 23. Nd4 Bf7 24. Bg2 Be8 25. a4 Bxd4 26. Rxd4 Qa5 27. Rfd1 Bf7
28. Rb1 c5 29. Rdd1 Ne4 30. Bxe4 fxe4 31. Kg2 Qb4 32. Qe2 Bxb3 33. Rd8 c4 34.
Qg4 Qxa4 35. Qc8 g5 36. Qf5+ Rg6 37. Qf8 Rgg7 38. Qh8+ Kg6 39. Rd6+ Kf7 40.
Qxh6 Qa2 41. Qf6+ Ke8 42. Rb2 Qa3 43. Rbd2 Qa5 44. R2d5 Qc7 45. Rxg5 Qxd6 46.
Qxd6 Rxg5 47. Qc6+ Kf7 1/2-1/2

[Event "12. Lichtenberger Sommer"]
[Site "Berlin"]
[Date "2013.08.18"]
[Round "2.86"]
[White "Knauer, Frank"]
[Black "Duric, Rajko"]
[Result "1/2-1/2"]
[WhiteElo "1846"]
[BlackElo "1737"]
[PlyCount "82"]
[EventDate "2013.??.??"]
[WhiteTeam "FC ST.Pauli 1910 eV SAbt"]
[BlackTeam "SC Kreuzberg e.V."]

1. Nf3 Nf6 2. g3 g6 3. Bg2 Bg7 4. c4 c5 5. Nc3 Nc6 6. O-O O-O 7. d3 d6 8. Bd2
Bd7 9. Rc1 Qc8 10. Re1 e5 11. Nb5 Ne8 12. e3 a6 13. Nc3 Nf6 14. Ng5 Nb4 15. Qe2
Bf5 16. Nge4 Nxe4 17. dxe4 Be6 18. a3 Nc6 19. Nd5 Qd8 20. b4 b6 21. Bc3 Rb8 22.
Red1 Rb7 23. Rc2 Ne7 24. Rb2 Nxd5 25. cxd5 Bc8 26. Qxa6 Qc7 27. Qc4 b5 28. Qe2
c4 29. Ra2 Bd7 30. Rf1 Ra8 31. f4 Rba7 32. Qb2 f6 33. Rfa1 Qb6 34. Qf2 Rf8 35.
Bf1 Raa8 36. Be2 f5 37. fxe5 fxe4 38. Bd4 Rxf2 39. Bxb6 Rff8 40. Rf1 Bxe5 41.
Rxf8+ Kxf8 1/2-1/2

[Event "12. Lichtenberger Sommer"]
[Site "Berlin"]
[Date "2013.08.18"]
[Round "2.88"]
[White "Hörmann, David"]
[Black "Tschirschwitz, Stephan"]
[Result "1-0"]
[WhiteElo "1907"]
[BlackElo "1570"]
[PlyCount "107"]
[EventDate "2013.??.??"]
[WhiteTeam "SC Weisse Dame e.V."]
[BlackTeam "SG Lasker Steglitz-Wilmersdorf"]

1. e4 c5 2. Nf3 Nc6 3. d4 cxd4 4. Nxd4 e6 5. Bc4 Bb4+ 6. c3 Be7 7. O-O Nf6 8.
Bd3 Qb6 9. Nb3 d6 10. Be3 Qc7 11. f4 b6 12. N1d2 e5 13. Qf3 Ng4 14. Kh1 Nxe3
15. Qxe3 a5 16. Nf3 Ba6 17. Bxa6 Rxa6 18. Qd3 Ra8 19. f5 O-O 20. Nbd2 Rfd8 21.
Nc4 Bf6 22. Ne3 Ne7 23. Rad1 Rac8 24. g4 g5 25. h4 h6 26. hxg5 hxg5 27. Kg2 Qc6
28. Rh1 Kg7 29. Rd2 Rd7 30. c4 Rcd8 31. Nd1 Rh8 32. Re1 Nc8 33. Nc3 Rdd8 34. b3
Rh6 35. Red1 Be7 36. Qe3 f6 37. Rh1 Rxh1 38. Kxh1 Rh8+ 39. Kg2 Qc5 40. Qe2 Na7
41. Rd5 Qc8 42. Qe3 Qc7 43. Ng1 Rb8 44. Nge2 Qd8 45. Rd1 Qd7 46. Rh1 Qd8 47.
Qh3 Qh8 48. Qe3 Qd8 49. Nd5 Nc6 50. Rh5 Qd7 51. Qh3 Rg8 52. Rh7+ Kf8 53. Qh6+
Ke8 54. Nxf6+ 1-0

[Event "12. Lichtenberger Sommer"]
[Site "Berlin"]
[Date "2013.08.18"]
[Round "2.89"]
[White "Zenkner, Christian"]
[Black "Mildenberger, Hans"]
[Result "1-0"]
[WhiteElo "1909"]
[BlackElo "1622"]
[PlyCount "53"]
[EventDate "2013.??.??"]
[WhiteTeam "SV Bad Bentheim"]
[BlackTeam "SG BVG Helmholtz 55"]

1. d4 Nf6 2. Nc3 d5 3. e4 Nxe4 4. Nxe4 dxe4 5. Bc4 Nc6 6. Be3 e6 7. f3 exf3 8.
Nxf3 Bd6 9. O-O O-O 10. Qe1 Be7 11. Qg3 Bf6 12. Rad1 Ne7 13. Qe1 Nd5 14. Bc1
Bd7 15. c3 Bc6 16. Qg3 Rc8 17. Bd3 Qd6 18. Qh3 g6 19. Ng5 Bxg5 20. Bxg5 f5 21.
Qh4 f4 22. Qh6 e5 23. dxe5 Qxe5 24. Bc4 Kh8 25. Bxd5 Bxd5 26. Bxf4 Qe4 27. Be5+
1-0

[Event "12. Lichtenberger Sommer"]
[Site "Berlin"]
[Date "2013.08.18"]
[Round "2.90"]
[White "Roth, Joachim"]
[Black "Winkler, Johannes"]
[Result "1-0"]
[WhiteElo "1923"]
[BlackElo "1560"]
[PlyCount "97"]
[EventDate "2013.??.??"]
[WhiteTeam "SG Bund"]
[BlackTeam "Sfrd. Berlin 1903 e.V."]

1. c4 e5 2. g3 Nf6 3. Bg2 g6 4. Nc3 Bg7 5. e4 c5 6. Nge2 Nc6 7. O-O d6 8. d3
O-O 9. f4 exf4 10. Bxf4 Ne5 11. Qd2 a6 12. Bg5 Be6 13. Rad1 Rb8 14. a4 Ned7 15.
b3 Qb6 16. Rb1 Qb4 17. d4 cxd4 18. Nxd4 Qc5 19. Kh1 Nxe4 20. Nxe4 Qxd4 21. Qxd4
Bxd4 22. Be7 Rfe8 23. Bxd6 Rbd8 24. Bc7 Ra8 25. Nd6 Re7 26. Bxb7 Rf8 27. Bg2
Nc5 28. Ba5 Rd7 29. Ne4 Nxb3 30. Rxb3 Bxc4 31. Rbb1 Bxf1 32. Bxf1 Re8 33. Nd2
Re5 34. Nc4 Rc5 35. Bb6 Rb7 36. Nd6 Rxb6 37. Rxb6 Rc1 38. Rb8+ Kg7 39. Kg2 Rc2+
40. Kh3 Rc5 41. Bxa6 Ra5 42. Bb5 Be5 43. Ne8+ Kh6 44. Rc8 f5 45. Rc4 g5 46. Rc5
Bd4 47. Rxf5 Ra8 48. Kg4 Kg6 49. Rxg5+ 1-0

[Event "12. Lichtenberger Sommer"]
[Site "Berlin"]
[Date "2013.08.18"]
[Round "2.92"]
[White "Korell, Klaus-Peter"]
[Black "Paris, Gerhard"]
[Result "1-0"]
[WhiteElo "1960"]
[BlackElo "1587"]
[PlyCount "101"]
[EventDate "2013.??.??"]
[WhiteTeam "SG TT/Wiheil"]
[BlackTeam "TSG Oberschöneweide e.V."]

1. d4 Nf6 2. c4 g6 3. g3 Bg7 4. Bg2 O-O 5. Nc3 d6 6. Nf3 c5 7. d5 Na6 8. O-O
Nc7 9. e4 Rb8 10. a4 a6 11. Rb1 Bd7 12. Qc2 b5 13. axb5 axb5 14. b3 b4 15. Ne2
Nxe4 16. Nh4 Nc3 17. Nxc3 Bxc3 18. Bb2 Bxb2 19. Rxb2 Ne8 20. Re1 Ng7 21. Be4 f5
22. Bd3 e5 23. dxe6 Bxe6 24. Bf1 Qf6 25. Bg2 Rfe8 26. Qc1 Bf7 27. Rd1 Red8 28.
Rbd2 Qc3 29. Qb1 Qf6 30. Rd3 Rb6 31. f4 Ne6 32. Qa2 Nd4 33. Nf3 Nxf3+ 34. Bxf3
Rdb8 35. Qd2 Kg7 36. Rxd6 Rxd6 37. Qxd6 Qxd6 38. Rxd6 Bxc4 39. bxc4 b3 40. Rd1
b2 41. Rb1 h6 42. Kf2 g5 43. Be2 Kf6 44. Bd3 Rd8 45. Ke3 Rb8 46. Kd2 gxf4 47.
gxf4 Rg8 48. Rxb2 Ke7 49. Rb7+ Kd6 50. Rb6+ Kc7 51. Rxh6 1-0